Statistiques concernant Pays occupés par la France (sous Napoléon)

Cliquez ici pour prendre le quiz!

Statistiques générales

  • Ce quiz a été pris 973 fois
  • Le résultat moyen est 18 sur 23

Statistiques - réponses

Date de conquêtePays% Correct
1808Espagne
98%
1805Italie
98%
1807Allemagne
96%
1805Autriche
95%
1795Belgique
95%
1795Pays-Bas
92%
1798Suisse
92%
1807Pologne
91%
1808Portugal
88%
1795Luxembourg
87%
1805Hongrie
82%
1808Andorre
77%
1805Slovénie
76%
1793Monaco
75%
1809Croatie
74%
1805Vatican
67%
1812Ukraine
63%
1812Biélorussie
62%
1805Saint-Marin
62%
1809Bosnie-Herzégovine
57%
1805Liechtenstein
56%
1805République Tchèque
46%
1812Moldavie
41%

Distribution des résultats

Percentile par nombre de réponses

% des personnes avec chaque résultat

Votre développement - résultats

Vous n’avez pas pris ce quiz